Squared number 1-20 - Statistics

General Stats
  • This quiz has been taken 98 times
  • The average score is 17 of 20
Answer Stats
Hint Answer % Correct
1 1
100%
4 16
100%
5 25
100%
6 36
100%
2 4
100%
7 49
100%
3 9
100%
10 100
98%
8 64
98%
9 81
98%
11 121
96%
12 144
96%
13 169
88%
15 225
82%
20 400
82%
14 196
80%
16 256
58%
19 361
52%
17 289
50%
18 324
44%
No matching quizzes found
Score Distribution
Percent of People with Each Score
Percentile by Number Answered
Your Score History
You have not taken this quiz